01627cam a2200373Ia 4500999001300000001000700013003000600020005001700026008004100043010001700084020003600101020003900137029002100176035002300197035005600220040008200276049001500358050002000373082001800393090002000411130005900431245030600490260004200796300006800838336002600906337002800932338002700960630003800987630004201025650001601067700004201083942001301125952011501138 c592d592455787GBCCL20241126110341.0021224t19781976iluaf 000 0 eng d a 76020615  a080247425Xq(cloth, red letter) a9780802474254q(cloth, red letter)1 aDEBSZb417027524 a(OCoLC)ocm51273693 a(OCoLC)51273693z(OCoLC)731271664z(OCoLC)795372909 aSFRbengcSFRdBAKERdOCLCGdGGBdTXBXLdOCLCOdOCLCQdOCLCFdYDXdOCLCQdLBB aLBBAaLBBC14aBS195.N35b197804a220.5204bRYR aBS195.N35b19780 aBible.lEnglish.sNew American Standard.f1978.91231814aThe Ryrie study Bible :bNew American standard translation : with introductions, annotations, outlines, marginal references, harmony of the Gospels, synopsis of Bible doctrine, index of scriptures, index to notes, concordance, maps, and timeline charts, and many other helps /cCharles Caldwell Ryrie. aChicago :bMoody Press,c1978, 1976. axii, 2100 pages, [8] leaves of plates :billustrations ;c24 cm atextbtxt2rdacontent aunmediatedbn2rdamedia avolumebnc2rdacarrier00aBiblevReference editions.91231907aBible.2fast0(OCoLC)fst013560249599 4aBible.95991 aRyrie, Charles Caldwell,d1925-92424 2ddccREF 00102ddc4070aGBCbGBCcBIBd2016-11-22l0o220.5204 RYRp000252r2025-05-01 00:00:00tc.1w2016-11-22yREF